004690000a220010900045001000032000002450137000323000053001697730022002229420008002449520090002529990017003421 aBerlejung, Angelika (1961-)10aDer handwerker als theologe : Zur mentalitästs- und traditiongeschichte eines altorientalischen und alttestamentlichen berufstands aVol. 46, Num. 2 (Abril, 1996), Páginas 145-1680 tVetus Testamentum cANA 001040708HEMaFUSBCbFUSBCd2016-01-26l0o r2016-01-26 00:00:00w2016-01-26yANA c58026d58026